| Tag |
First Indicator |
Second Indicator |
Subfields |
| LEADER |
00000cam a2200000 a 4500 |
| 001 |
in00000013384 |
| 005 |
20151007052409.0 |
| 008 |
871113s1986 it a bf i00000 eng d |
| 020 |
|
|
|a 9251024707
|
| 035 |
|
|
|a (OCoLC)16977144
|
| 035 |
|
|
|9 AAA7602AM
|
| 040 |
|
|
|a VPI
|c VPI
|d WAU
|d TXA
|d UtOrBLW
|
| 049 |
|
|
|a TXAM
|c [A12607302]
|
| 050 |
|
4 |
|a TA422
|b .W66 1986
|
| 245 |
0 |
0 |
|a Wood preservation manual /
|c Mechanical Wood Products Branch, Forest Industries Division, FAO Forestry Department.
|
| 264 |
|
1 |
|a Rome :
|b Food and Agriculture Organization of the United Nations,
|c 1986.
|
| 300 |
|
|
|a ii, 152 pages :
|b illustrations ;
|c 21 cm.
|
| 336 |
|
|
|a text
|b txt
|2 rdacontent
|
| 337 |
|
|
|a unmediated
|b n
|2 rdamedia
|
| 338 |
|
|
|a volume
|b nc
|2 rdacarrier
|
| 490 |
1 |
|
|a FAO forestry paper ;
|v 76
|
| 504 |
|
|
|a Bibliography: pages 147-149.
|
| 650 |
|
0 |
|a Wood
|x Preservation
|x Handbooks, manuals, etc.
|
| 710 |
2 |
|
|a Food and Agriculture Organization of the United Nations.
|b Mechanical Wood Products Branch.
|
| 830 |
|
0 |
|a FAO forestry paper ;
|v 76.
|
| 999 |
|
|
|a MARS
|
| 999 |
f |
f |
|s 23a43976-a358-3de8-988f-c077032cb13a
|i 5c547068-15e4-3bf9-8bf1-b8fdcde6ff2b
|t 0
|
| 952 |
f |
f |
|p normal
|a Texas A&M University
|b College Station
|c Sterling C. Evans Library
|d Evans: Library Stacks
|t 0
|e TA422 .W66 1986
|h Library of Congress classification
|i unmediated -- volume
|m A14812607302
|
| 998 |
f |
f |
|a TA422 .W66 1986
|t 0
|l Evans: Library Stacks
|